Historia de una vida / (Record no. 116759)

MARC details
000 -LEADER
campo de control de longitud fija 00559nam a2200181 4500
001 - NÚMERO DE CONTROL
campo de control 116759
003 - IDENTIFICADOR DE NÚMERO DE CONTROL
campo de control ES-MaACL
005 - FECHA Y HORA DE LA ÚLTIMA TRANSACCIÓN
campo de control 20230906190750.0
007 - CAMPO FIJO DE DESCRIPCIÓN FÍSICA--INFORMACIÓN GENERAL
campo de control de longitud fija t|
008 - DATOS DE LONGITUD FIJA--INFORMACIÓN GENERAL
campo de control de longitud fija 061121s1970 sp r ||||1| spa d
100 1# - ENTRADA PRINCIPAL--NOMBRE DE PERSONA
Nombre de persona Paustovski, Konstantin Georgievich.
9 (RLIN) 89671
245 10 - MENCIÓN DEL TÍTULO
Título Historia de una vida /
Mención de responsabilidad, etc. Konstantin Georgievich Paustovski ; traducción: Angel C. Tomás.
250 ## - MENCION DE EDICION
Mención de edición 1ª ed.
260 ## - PUBLICACIÓN, DISTRIBUCIÓN, ETC.
Lugar de publicación, distribución, etc. Barcelona [etc.] :
Nombre del editor, distribuidor, etc. Bruguera,
Fecha de publicación, distribución, etc. 1970.
300 ## - DESCRIPCIÓN FÍSICA
Extensión 1084 p. ;
Dimensiones 21 cm.
700 1# - ENTRADA AGREGADA--NOMBRE PERSONAL
Nombre de persona Tomás, Angel C.
9 (RLIN) 110498
852 ## - LOCALIZACIÓN
Ubicación ES-MaACL
Número de control de estantería C-38860
Sublocalización o colección R.72556
Holdings
Estatus retirado Estado de pérdida Estado de daño No para préstamo Biblioteca de origen Biblioteca actual Ubicación en estantería Fecha de adquisición Fuente de adquisición Total de préstamos Signatura topográfica completa Código de barras Visto por última vez Precio de reemplazo Tipo de ítem Koha
        Biblioteca del Ateneo de Madrid Biblioteca del Ateneo de Madrid Depósito 2 17/01/2008     C-38860 1121746 23/02/2023 23/02/2023 Libro impreso